| 000 | 00463nam a2200181Ia 4500 | ||
|---|---|---|---|
| 001 | 3010 | ||
| 005 | 20260306144849.0 | ||
| 008 | 260306t1997||||xx |||||||||||||| ||spa|| | ||
| 041 | _aESP | ||
| 082 |
_a241.21 _bS719 |
||
| 100 |
_aSayés, José Antonio _eAUT |
||
| 245 | 0 |
_aAntropología y moral: _bde la nueva moral a la Veritatis Splendor |
|
| 260 | _c1997 | ||
| 300 |
_a236 páginas : _c21 cm. |
||
| 650 | _aGEN | ||
| 654 | _aCHU | ||
| 942 |
_cLIB _dJUS _fJUS _2ddc _n |
||
| 999 |
_c3010 _d3010 |
||